[Event "DVM U12 2017"]
[Site "Magdeburg GER"]
[Date "2017.12.29"]
[Round "5"]
[White "Nguyen, Alex Tommi"]
[Black "Blazevic, Ksaver"]
[Result "1/2-1/2"]
[Termination "normal"]
[Board "9.2"]
[WhiteElo "981"]
[BlackElo "1139"]
[WhiteTeam "VfL Gräfenhainichen"]
[BlackTeam "SF 1876 Göppingen"]
[PlyCount "81"]
[WhiteFideId "16255569"]
[BlackFideId "16255534"]
[EventCountry "GER"]
[EventRounds "7"]
[EventType "team-swiss"]
[EventDate "2017.12.26"]

1. e4 c5 2. Nf3 a6 3. d4 cxd4 4. Nxd4 e5 5. Nf3 Nc6 6. Nc3 Bb4 7. Bd2 Nf6 8.
Bd3 d6 9. O-O O-O 10. h3 Be6 11. Re1 d5 12. exd5 Nxd5 13. Be4 Re8 14. Nxd5 Bxd5
15. Bxb4 Nxb4 16. c3 Bxe4 17. Rxe4 Nc6 18. Qc2 Qf6 19. Rae1 Re7 20. a3 Rae8 21.
b4 b5 22. c4 h6 23. Qc3 Qd6 24. c5 Qd5 25. Qe3 f5 26. Rh4 e4 27. Nd2 Nd4 28.
Rd1 Qe5 29. Nxe4 Rd8 30. Nd6 Ne2+ 31. Kf1 Qxe3 32. fxe3 Nc3 33. Rd3 Ne4 34. Rd5
Nxd6 35. cxd6 Rxe3 36. Rf4 g6 37. h4 h5 38. Rfd4 Kf7 39. Kf2 Re6 40. g3 Kf6 41.
Kf3 1/2-1/2

[Event "DVM U12 2017"]
[Site "Magdeburg GER"]
[Date "2017.12.29"]
[Round "5"]
[White "Cilo, Selimhan"]
[Black "Grunemann, Jonas"]
[Result "1-0"]
[Termination "normal"]
[Board "9.3"]
[WhiteElo "1053"]
[BlackElo "964"]
[WhiteTeam "SF 1876 Göppingen"]
[BlackTeam "VfL Gräfenhainichen"]
[PlyCount "113"]
[WhiteFideId "16246756"]
[BlackFideId "16255577"]
[EventCountry "GER"]
[EventRounds "7"]
[EventType "team-swiss"]
[EventDate "2017.12.26"]

1. e4 c5 2. Nf3 a6 3. d4 cxd4 4. Nxd4 Nf6 5. Nc3 e5 6. Nb3 Bb4 7. a3 Bxc3+ 8.
bxc3 Nxe4 9. Qg4 d5 10. Qxg7 Qf6 11. Bh6 Qxg7 12. Bxg7 Rg8 13. Bxe5 Nc6 14. Bd4
Nxd4 15. cxd4 Bd7 16. Nc5 Nxc5 17. dxc5 O-O-O 18. O-O-O Be6 19. g3 Rg5 20. h4
Rf5 21. Rd2 d4 22. Bd3 Rxc5 23. Bxh7 Rc3 24. Rd3 Bd5 25. Rhd1 Bf3 26. R1d2 Rxd3
27. Rxd3 Be2 28. Rd2 Bf3 29. Bf5+ Kc7 30. Rd3 Be2 31. Rb3 Bc4 32. Rb4 b5 33. a4
Kc6 34. a5 d3 35. cxd3 Bxd3 36. Bxd3 Rxd3 37. h5 Rd8 38. Rh4 Rh8 39. Kd2 Kc5
40. f4 b4 41. f5 f6 42. Kc2 Kb5 43. Kb3 Kxa5 44. h6 Rh7 45. Kc4 Ka4 46. Rh1 Ka3
47. Ra1+ Kb2 48. Rxa6 Rxh6 49. Kxb4 Kc2 50. g4 Rh4 51. Kc5 Rxg4 52. Rxf6 Kd3
53. Kd5 Ke3 54. Re6+ Kf4 55. f6 Rg5+ 56. Kd6 Kf5 57. f7 1-0

[Event "DVM U12 2017"]
[Site "Magdeburg GER"]
[Date "2017.12.29"]
[Round "5"]
[White "Mischke, Richard"]
[Black "Schedel, Loris"]
[Result "1-0"]
[Termination "normal"]
[Board "9.4"]
[WhiteElo "926"]
[BlackElo "1040"]
[WhiteTeam "VfL Gräfenhainichen"]
[BlackTeam "SF 1876 Göppingen"]
[PlyCount "109"]
[WhiteFideId "16255585"]
[BlackFideId "16255542"]
[EventCountry "GER"]
[EventRounds "7"]
[EventType "team-swiss"]
[EventDate "2017.12.26"]

1. d4 d5 2. Nf3 Nc6 3. g3 Bf5 4. c3 e6 5. Bg2 Nf6 6. Bf4 Ne4 7. O-O Bd6 8. Bxd6
cxd6 9. Nh4 O-O 10. Nxf5 exf5 11. Nd2 Qg5 12. e3 Nf6 13. Nf3 Qh6 14. Qc2 Ne7
15. Nh4 g6 16. Rae1 b5 17. Qb3 a6 18. Qb4 Rfd8 19. b3 Rab8 20. Qa3 Rb6 21. Qa5
Nc8 22. Rc1 Rd7 23. c4 Rc7 24. cxb5 Rxc1 25. Rxc1 Qf8 26. Rxc8 Qxc8 27. Qxb6
axb5 28. Qxd6 Qc1+ 29. Bf1 Ne4 30. Qxd5 Nd2 31. Qxb5 g5 32. Nxf5 Nf3+ 33. Kg2
Ne1+ 34. Kh3 Qc8 35. Kg4 Kf8 36. Qb4+ Kg8 37. Qxe1 h5+ 38. Kxg5 f6+ 39. Kf4
Qc7+ 40. Kf3 Qc6+ 41. Ke2 Qb5+ 42. Kd1 Qxf5 43. b4 Qb1+ 44. Ke2 Qxa2+ 45. Qd2
Qc4+ 46. Ke1 Qb3 47. b5 Qb1+ 48. Qd1 Qb4+ 49. Ke2 Qxb5+ 50. Kf3 Qc6+ 51. e4
Qc3+ 52. Qd3 Qc8 53. Kg2 h4 54. Qc4+ Qxc4 55. Bxc4+ 1-0

[Event "DVM U12 2017"]
[Site "Magdeburg GER"]
[Date "2017.12.29"]
[Round "6"]
[White "Weihrauch, Jakob"]
[Black "Lutz, Ruben"]
[Result "1/2-1/2"]
[Termination "normal"]
[Board "1.1"]
[WhiteElo "2050"]
[BlackElo "1964"]
[WhiteClock "01:07:55"]
[BlackClock "00:31:34"]
[WhiteTeam "Hamburger SK"]
[BlackTeam "USV TU Dresden"]
[PlyCount "53"]
[WhiteFideId "16210115"]
[BlackFideId "12975974"]
[EventCountry "GER"]
[EventRounds "7"]
[EventType "team-swiss"]
[EventDate "2017.12.26"]

1. d4 {[%clk 1:30:56]} d5 {[%clk 1:30:41]} 2. Nf3 {[%clk 1:31:20]} Nf6 {[%clk
1:30:54]} 3. g3 {[%clk 1:31:45]} e6 {[%clk 1:30:47]} 4. Bg2 {[%clk 1:32:12]}
Be7 {[%clk 1:31:07]} 5. O-O {[%clk 1:32:33]} O-O {[%clk 1:31:22]} 6. c4 {[%clk
1:32:58]} Nbd7 {[%clk 1:30:38]} 7. Nbd2 {[%clk 1:33:13]} c6 {[%clk 1:30:44]} 8.
Qc2 {[%clk 1:33:37]} b6 {[%clk 1:30:52]} 9. e4 {[%clk 1:34:00]} Bb7 {[%clk
1:31:11]} 10. e5 {[%clk 1:34:18]} Ne8 {[%clk 1:31:32]} 11. cxd5 {[%clk
1:34:37]} cxd5 {[%clk 1:31:49]} 12. Re1 {[%clk 1:34:56]} Rc8 {[%clk 1:30:35]}
13. Qa4 {[%clk 1:35:13]} Bc6 {[%clk 1:29:03]} 14. Qd1 {[%clk 1:34:16]} Nc7
{[%clk 1:28:22]} 15. Nf1 {[%clk 1:33:59]} a5 {[%clk 1:26:38]} 16. h4 {[%clk
1:33:48]} h6 {[%clk 1:25:03]} 17. Ne3 {[%clk 1:33:43]} Re8 {[%clk 1:21:20]} 18.
Bd2 {[%clk 1:32:52]} Nf8 {[%clk 1:08:04]} 19. Ng4 {[%clk 1:25:19]} Qd7 {[%clk
1:00:19]} 20. Qc1 {[%clk 1:19:16]} Nh7 {[%clk 0:39:06]} 21. Qc3 {[%clk
1:15:25]} Na6 {[%clk 0:36:29]} 22. a3 {[%clk 1:14:20]} Bb5 {[%clk 0:35:08]} 23.
Qe3 {[%clk 1:14:26]} Bf8 {[%clk 0:34:28]} 24. Bc3 {[%clk 1:11:13]} Nb8 {[%clk
0:32:18]} 25. Nd2 {[%clk 1:08:06]} Nc6 {[%clk 0:32:23]} 26. f4 {[%clk 1:07:55]}
Ne7 {[%clk 0:31:34]} 27. Nh2 1/2-1/2

[Event "DVM U12 2017"]
[Site "Magdeburg GER"]
[Date "2017.12.29"]
[Round "6"]
[White "Lutz, Adam"]
[Black "von Krosigk, Florian"]
[Result "1/2-1/2"]
[Termination "normal"]
[Board "1.2"]
[WhiteElo "1775"]
[BlackElo "1671"]
[WhiteClock "00:58:04"]
[BlackClock "01:05:33"]
[WhiteTeam "USV TU Dresden"]
[BlackTeam "Hamburger SK"]
[PlyCount "43"]
[WhiteFideId "16226615"]
[BlackFideId "16227808"]
[EventCountry "GER"]
[EventRounds "7"]
[EventType "team-swiss"]
[EventDate "2017.12.26"]

1. e4 {[%clk 1:30:51]} c5 {[%clk 1:30:39]} 2. Nf3 {[%clk 1:31:05]} e6 {[%clk
1:30:51]} 3. d4 {[%clk 1:31:19]} cxd4 {[%clk 1:31:07]} 4. Nxd4 {[%clk 1:31:35]}
a6 {[%clk 1:31:26]} 5. Nc3 {[%clk 1:30:40]} Qc7 {[%clk 1:31:30]} 6. Bd3 {[%clk
1:27:26]} Nf6 {[%clk 1:31:13]} 7. O-O {[%clk 1:24:54]} Be7 {[%clk 1:31:10]} 8.
Kh1 {[%clk 1:24:48]} d6 {[%clk 1:29:02]} 9. f4 {[%clk 1:24:47]} b5 {[%clk
1:27:29]} 10. a3 {[%clk 1:24:11]} Bb7 {[%clk 1:27:19]} 11. Be3 {[%clk 1:22:53]}
Nbd7 {[%clk 1:23:41]} 12. Nb3 {[%clk 1:20:08]} O-O {[%clk 1:21:07]} 13. Qe1
{[%clk 1:18:00]} Nc5 {[%clk 1:11:43]} 14. Nxc5 {[%clk 1:15:04]} dxc5 {[%clk
1:12:08]} 15. e5 {[%clk 1:13:54]} Nd5 {[%clk 1:11:38]} 16. Nxd5 {[%clk
1:13:24]} Bxd5 {[%clk 1:10:26]} 17. Qg3 {[%clk 1:12:00]} c4 {[%clk 1:09:45]}
18. Be2 {[%clk 1:11:06]} Bc5 {[%clk 1:08:03]} 19. Bxc5 {[%clk 1:08:06]} Qxc5
{[%clk 1:08:27]} 20. Bf3 {[%clk 1:05:49]} Rad8 {[%clk 1:07:20]} 21. Rad1 {[%clk
1:03:57]} Rd7 {[%clk 1:05:33]} 22. Qe1 {[%clk 0:58:04]} 1/2-1/2

[Event "DVM U12 2017"]
[Site "Magdeburg GER"]
[Date "2017.12.29"]
[Round "6"]
[White "Garner, Isaac"]
[Black "Günther, Fabian"]
[Result "1-0"]
[Termination "normal"]
[Board "1.3"]
[WhiteElo "1703"]
[BlackElo "1404"]
[WhiteClock "01:23:45"]
[BlackClock "00:43:53"]
[WhiteTeam "Hamburger SK"]
[BlackTeam "USV TU Dresden"]
[PlyCount "35"]
[WhiteFideId "16239261"]
[BlackFideId "16240294"]
[EventCountry "GER"]
[EventRounds "7"]
[EventType "team-swiss"]
[EventDate "2017.12.26"]

1. d4 {[%clk 1:30:57]} d5 {[%clk 1:30:54]} 2. Nf3 {[%clk 1:31:22]} Nc6 {[%clk
1:31:17]} 3. g3 {[%clk 1:31:44]} Nf6 {[%clk 1:31:16]} 4. Bg2 {[%clk 1:32:01]}
Bf5 {[%clk 1:31:33]} 5. O-O {[%clk 1:32:16]} e6 {[%clk 1:31:54]} 6. a3 {[%clk
1:32:18]} Bd6 {[%clk 1:32:11]} 7. c4 {[%clk 1:32:20]} b6 {[%clk 1:32:20]} 8.
Nc3 {[%clk 1:30:31]} a5 {[%clk 1:27:23]} 9. Bg5 {[%clk 1:29:41]} Be7 {[%clk
1:23:02]} 10. Ne5 {[%clk 1:29:46]} Nxe5 {[%clk 1:19:53]} 11. dxe5 {[%clk
1:30:04]} Ne4 {[%clk 1:20:01]} 12. Bxe7 {[%clk 1:29:49]} Kxe7 {[%clk 1:19:38]}
13. cxd5 {[%clk 1:29:50]} exd5 {[%clk 1:09:04]} 14. Nxd5+ {[%clk 1:30:14]} Ke6
{[%clk 1:08:17]} 15. Nf4+ {[%clk 1:29:03]} Kxe5 {[%clk 1:06:13]} 16. Qa4 {[%clk
1:25:26]} Qd7 {[%clk 0:44:27]} 17. Nd3+ {[%clk 1:23:27]} Ke6 {[%clk 0:43:53]}
18. Qc4+ {[%clk 1:23:45]} 1-0

[Event "DVM U12 2017"]
[Site "Magdeburg GER"]
[Date "2017.12.29"]
[Round "6"]
[White "Hommer, Jeremy"]
[Black "Zeuner, Ole"]
[Result "1/2-1/2"]
[Termination "normal"]
[Board "2.1"]
[WhiteElo "1975"]
[BlackElo "1848"]
[WhiteClock "00:31:19"]
[BlackClock "00:05:38"]
[WhiteTeam "SC Turm Lüneburg"]
[BlackTeam "Schachzwerge Magdeburg"]
[PlyCount "71"]
[WhiteFideId "12992577"]
[BlackFideId "12943576"]
[EventCountry "GER"]
[EventRounds "7"]
[EventType "team-swiss"]
[EventDate "2017.12.26"]

1. d4 {[%clk 1:30:58]} Nf6 {[%clk 1:30:54]} 2. Bf4 {[%clk 1:31:23]} g6 {[%clk
1:30:36]} 3. e3 {[%clk 1:31:47]} Bg7 {[%clk 1:30:58]} 4. c3 {[%clk 1:32:05]} d6
{[%clk 1:30:05]} 5. h3 {[%clk 1:31:29]} O-O {[%clk 1:29:43]} 6. Nf3 {[%clk
1:31:33]} Nfd7 {[%clk 1:28:51]} 7. Be2 {[%clk 1:31:46]} e5 {[%clk 1:28:02]} 8.
dxe5 {[%clk 1:32:12]} dxe5 {[%clk 1:28:15]} 9. Bh2 {[%clk 1:32:34]} Nc6 {[%clk
1:26:44]} 10. O-O {[%clk 1:32:31]} Nb6 {[%clk 1:26:21]} 11. a4 {[%clk 1:28:22]}
a5 {[%clk 1:22:38]} 12. Nbd2 {[%clk 1:25:40]} Be6 {[%clk 1:20:55]} 13. Qc2
{[%clk 1:24:19]} Qe7 {[%clk 1:19:56]} 14. Rfd1 {[%clk 1:21:06]} f6 {[%clk
1:17:41]} 15. Ne1 {[%clk 1:09:16]} f5 {[%clk 1:06:00]} 16. Nb3 {[%clk 1:00:31]}
Rfd8 {[%clk 0:54:13]} 17. Nd3 {[%clk 0:58:00]} Nd7 {[%clk 0:53:16]} 18. Nd2
{[%clk 0:50:14]} Nb6 {[%clk 0:45:45]} 19. Nb3 {[%clk 0:50:22]} Nd7 {[%clk
0:45:41]} 20. Nd2 {[%clk 0:50:46]} Nc5 {[%clk 0:34:07]} 21. Nxc5 {[%clk
0:42:26]} Qxc5 {[%clk 0:34:29]} 22. Nb3 {[%clk 0:42:25]} Qe7 {[%clk 0:33:31]}
23. Rxd8+ {[%clk 0:41:42]} Nxd8 {[%clk 0:26:18]} 24. Rd1 {[%clk 0:41:42]} Nc6
{[%clk 0:26:31]} 25. Bf3 {[%clk 0:38:42]} Kh8 {[%clk 0:22:42]} 26. Kh1 {[%clk
0:37:49]} Kg8 {[%clk 0:18:36]} 27. Bd5 {[%clk 0:37:44]} Bxd5 {[%clk 0:13:22]}
28. Rxd5 {[%clk 0:37:55]} Rd8 {[%clk 0:11:50]} 29. Qd1 {[%clk 0:37:31]} b6
{[%clk 0:09:47]} 30. Kg1 {[%clk 0:33:42]} Kf7 {[%clk 0:08:22]} 31. Kf1 {[%clk
0:32:36]} Rxd5 {[%clk 0:07:53]} 32. Qxd5+ {[%clk 0:32:58]} Qe6 {[%clk 0:08:08]}
33. Qxe6+ {[%clk 0:32:40]} Kxe6 {[%clk 0:08:30]} 34. Ke2 {[%clk 0:32:40]} Kd5
{[%clk 0:05:57]} 35. Kd3 {[%clk 0:32:25]} Bf8 {[%clk 0:05:38]} 36. Bg3 {[%clk
0:31:19]} 1/2-1/2

[Event "DVM U12 2017"]
[Site "Magdeburg GER"]
[Date "2017.12.29"]
[Round "6"]
[White "Morgenstern, Tobias"]
[Black "Wusterack, Paul"]
[Result "1-0"]
[Termination "normal"]
[Board "2.2"]
[WhiteElo "1766"]
[BlackElo "1432"]
[WhiteClock "00:29:58"]
[BlackClock "00:08:23"]
[WhiteTeam "Schachzwerge Magdeburg"]
[BlackTeam "SC Turm Lüneburg"]
[PlyCount "75"]
[WhiteFideId "12974390"]
[BlackFideId "16255356"]
[EventCountry "GER"]
[EventRounds "7"]
[EventType "team-swiss"]
[EventDate "2017.12.26"]

1. e4 {[%clk 1:30:58]} e5 {[%clk 1:30:51]} 2. Nf3 {[%clk 1:31:23]} Nc6 {[%clk
1:31:14]} 3. Bb5 {[%clk 1:31:37]} d6 {[%clk 1:28:59]} 4. d4 {[%clk 1:25:09]}
exd4 {[%clk 1:22:05]} 5. Nxd4 {[%clk 1:25:08]} Bd7 {[%clk 1:18:30]} 6. Bxc6
{[%clk 1:25:04]} bxc6 {[%clk 1:16:44]} 7. O-O {[%clk 1:24:20]} g6 {[%clk
1:14:35]} 8. Qf3 {[%clk 1:23:15]} Bg7 {[%clk 1:11:06]} 9. e5 {[%clk 1:20:11]}
Ne7 {[%clk 1:06:48]} 10. exd6 {[%clk 1:18:31]} cxd6 {[%clk 1:05:44]} 11. c3
{[%clk 1:14:43]} c5 {[%clk 0:59:09]} 12. Nb3 {[%clk 1:10:48]} O-O {[%clk
0:52:22]} 13. Bg5 {[%clk 1:08:06]} f6 {[%clk 0:49:45]} 14. Bf4 {[%clk 1:07:32]}
c4 {[%clk 0:43:08]} 15. Nd4 {[%clk 1:07:14]} Nf5 {[%clk 0:36:34]} 16. Qd5+
{[%clk 1:04:15]} Kh8 {[%clk 0:35:11]} 17. Na3 {[%clk 1:02:06]} Nxd4 {[%clk
0:34:35]} 18. Qxd4 {[%clk 1:01:42]} f5 {[%clk 0:30:09]} 19. Qxd6 {[%clk
1:00:04]} Rf6 {[%clk 0:24:46]} 20. Qd5 {[%clk 0:59:24]} Bc6 {[%clk 0:15:07]}
21. Qxd8+ {[%clk 0:57:25]} Rxd8 {[%clk 0:15:26]} 22. Bg5 {[%clk 0:57:47]} f4
{[%clk 0:14:30]} 23. Bxf6 {[%clk 0:52:31]} Bxf6 {[%clk 0:14:52]} 24. Rad1
{[%clk 0:51:48]} Rf8 {[%clk 0:12:24]} 25. Rd6 {[%clk 0:49:51]} Be4 {[%clk
0:12:06]} 26. Nxc4 {[%clk 0:47:59]} f3 {[%clk 0:10:38]} 27. g3 {[%clk 0:46:25]}
h5 {[%clk 0:10:58]} 28. Re1 {[%clk 0:45:34]} Bf5 {[%clk 0:10:58]} 29. Ne3
{[%clk 0:44:36]} Bh3 {[%clk 0:10:01]} 30. Nd5 {[%clk 0:44:06]} Bg5 {[%clk
0:09:08]} 31. Rxg6 {[%clk 0:38:28]} Bd2 {[%clk 0:07:57]} 32. Re7 {[%clk
0:31:04]} Bf5 {[%clk 0:07:26]} 33. Rgg7 {[%clk 0:29:35]} Bh6 {[%clk 0:07:45]}
34. Rgf7 {[%clk 0:29:29]} Rxf7 {[%clk 0:08:06]} 35. Rxf7 {[%clk 0:29:50]} Be6
{[%clk 0:08:21]} 36. Rf6 {[%clk 0:30:06]} Bxd5 {[%clk 0:07:58]} 37. Rxh6+
{[%clk 0:30:25]} Kg7 {[%clk 0:08:23]} 38. Ra6 {[%clk 0:29:58]} 1-0

[Event "DVM U12 2017"]
[Site "Magdeburg GER"]
[Date "2017.12.29"]
[Round "6"]
[White "Khanbekyan, Areg"]
[Black "Helms, Finn"]
[Result "1/2-1/2"]
[Termination "normal"]
[Board "2.4"]
[WhiteElo "1597"]
[BlackElo "1419"]
[WhiteClock "00:20:59"]
[BlackClock "01:00:51"]
[WhiteTeam "Schachzwerge Magdeburg"]
[BlackTeam "SC Turm Lüneburg"]
[PlyCount "60"]
[WhiteFideId "12993727"]
[BlackFideId "16249143"]
[EventCountry "GER"]
[EventRounds "7"]
[EventType "team-swiss"]
[EventDate "2017.12.26"]

1. e4 {[%clk 1:30:57]} c6 {[%clk 1:30:56]} 2. c4 {[%clk 1:30:50]} d5 {[%clk
1:31:19]} 3. exd5 {[%clk 1:31:00]} cxd5 {[%clk 1:31:43]} 4. cxd5 {[%clk
1:31:18]} Nf6 {[%clk 1:32:06]} 5. Qa4+ {[%clk 1:31:10]} Nbd7 {[%clk 1:32:19]}
6. Nc3 {[%clk 1:30:57]} g6 {[%clk 1:32:40]} 7. Bc4 {[%clk 1:30:24]} a6 {[%clk
1:32:52]} 8. Nf3 {[%clk 1:27:38]} Bg7 {[%clk 1:33:02]} 9. d3 {[%clk 1:27:53]}
O-O {[%clk 1:33:16]} 10. Qa3 {[%clk 1:27:40]} Re8 {[%clk 1:29:29]} 11. O-O
{[%clk 1:27:08]} Nb6 {[%clk 1:28:04]} 12. Qb3 {[%clk 1:22:20]} Rf8 {[%clk
1:26:32]} 13. Be3 {[%clk 1:20:07]} Nbd7 {[%clk 1:20:42]} 14. Qb4 {[%clk
1:10:56]} a5 {[%clk 1:20:23]} 15. Qa4 {[%clk 1:10:25]} Nb6 {[%clk 1:12:04]} 16.
Qb3 {[%clk 1:06:23]} Nbd7 {[%clk 1:12:18]} 17. Rfe1 {[%clk 1:05:18]} b6 {[%clk
1:11:34]} 18. Na4 Rb8 {[%clk 1:11:15]} 19. Bf4 {[%clk 1:00:36]} Ra8 {[%clk
1:10:21]} 20. d6 {[%clk 0:58:16]} e6 {[%clk 1:10:08]} 21. h3 {[%clk 0:54:31]}
Bb7 {[%clk 1:05:40]} 22. Be3 {[%clk 0:49:06]} Bxf3 {[%clk 1:05:51]} 23. gxf3
{[%clk 0:49:26]} Rb8 {[%clk 1:06:09]} 24. Bf4 {[%clk 0:46:14]} Nh5 {[%clk
1:06:04]} 25. Bg3 {[%clk 0:39:00]} Qg5 {[%clk 1:04:58]} 26. Kh2 {[%clk
0:38:52]} b5 {[%clk 1:04:53]} 27. Qc2 {[%clk 0:22:14]} bxc4 {[%clk 1:05:01]}
28. dxc4 {[%clk 0:22:00]} Nxg3 {[%clk 1:04:53]} 29. fxg3 {[%clk 0:22:09]} Rfc8
{[%clk 1:04:10]} 30. Rac1 {[%clk 0:20:59]} Be5 {[%clk 1:00:51]} 1/2-1/2

[Event "DVM U12 2017"]
[Site "Magdeburg GER"]
[Date "2017.12.29"]
[Round "6"]
[White "Felten, Maximilian"]
[Black "Gallasch, Jonas"]
[Result "1/2-1/2"]
[Termination "normal"]
[Board "3.1"]
[WhiteElo "1811"]
[BlackElo "1877"]
[WhiteClock "01:21:49"]
[BlackClock "01:19:11"]
[WhiteTeam "SG Trier"]
[BlackTeam "SG Porz"]
[PlyCount "93"]
[WhiteFideId "4004949"]
[BlackFideId "16222474"]
[EventCountry "GER"]
[EventRounds "7"]
[EventType "team-swiss"]
[EventDate "2017.12.26"]

1. d4 {[%clk 1:30:57]} Nf6 {[%clk 1:30:50]} 2. Nf3 {[%clk 1:30:56]} g6 {[%clk
1:31:03]} 3. e3 {[%clk 1:30:35]} Bg7 {[%clk 1:31:15]} 4. Bd3 {[%clk 1:30:41]}
c5 {[%clk 1:30:33]} 5. c3 {[%clk 1:30:17]} d5 {[%clk 6:02:47]} 6. Nbd2 {[%clk
1:28:57]} Qc7 {[%clk 1:28:46]} 7. O-O {[%clk 1:28:26]} Nbd7 {[%clk 1:28:39]} 8.
Qe2 {[%clk 1:27:58]} O-O {[%clk 1:27:52]} 9. e4 {[%clk 1:26:48]} dxe4 {[%clk
1:26:42]} 10. Nxe4 {[%clk 1:24:08]} b6 {[%clk 1:19:11]} 11. Nxf6+ {[%clk
1:21:49]} Nxf6 {[%clk 1:19:11]} 12. Re1 {[%clk 1:21:49]} e6 {[%clk 1:19:11]}
13. Be3 {[%clk 1:21:49]} Bb7 {[%clk 1:19:11]} 14. Ne5 {[%clk 1:21:49]} Nd5
{[%clk 1:19:11]} 15. Nf3 {[%clk 1:21:49]} Nxe3 {[%clk 1:19:11]} 16. fxe3 {[%clk
1:21:49]} Rad8 {[%clk 1:19:11]} 17. Rad1 {[%clk 1:21:49]} e5 {[%clk 1:19:11]}
18. dxe5 {[%clk 1:21:49]} Bxe5 {[%clk 1:19:11]} 19. Nxe5 {[%clk 1:21:49]} Qxe5
{[%clk 1:19:11]} 20. Bc2 {[%clk 1:21:49]} Rxd1 {[%clk 1:19:11]} 21. Rxd1 {[%clk
1:21:49]} Re8 {[%clk 1:19:11]} 22. Re1 {[%clk 1:21:49]} a6 {[%clk 1:19:11]} 23.
a4 {[%clk 1:21:49]} Qd5 {[%clk 1:19:11]} 24. Qf2 {[%clk 1:21:49]} c4 {[%clk
1:19:11]} 25. Rd1 {[%clk 1:21:49]} Qe6 {[%clk 1:19:11]} 26. Rd4 {[%clk
1:21:49]} Qxe3 {[%clk 1:19:11]} 27. Qxe3 {[%clk 1:21:49]} Rxe3 {[%clk 1:19:11]}
28. Kf2 {[%clk 1:21:49]} Re6 {[%clk 1:19:11]} 29. Rxc4 {[%clk 1:21:49]} Rd6
{[%clk 1:19:11]} 30. Rd4 {[%clk 1:21:49]} Rxd4 {[%clk 1:19:11]} 31. cxd4 {[%clk
1:21:49]} Kf8 {[%clk 1:19:11]} 32. g3 {[%clk 1:21:49]} Ke7 {[%clk 1:19:11]} 33.
Ke3 {[%clk 1:21:49]} Bd5 {[%clk 1:19:11]} 34. Kf4 {[%clk 1:21:49]} h6 {[%clk
1:19:11]} 35. Ke5 {[%clk 1:21:49]} Be6 {[%clk 1:19:11]} 36. d5 {[%clk 1:21:49]}
f6+ {[%clk 1:19:11]} 37. Kd4 {[%clk 1:21:49]} Bf7 {[%clk 1:19:11]} 38. b4
{[%clk 1:21:49]} Kd6 {[%clk 1:19:11]} 39. Bb3 {[%clk 1:21:49]} Be8 {[%clk
1:19:11]} 40. a5 {[%clk 1:21:49]} b5 {[%clk 1:19:11]} 41. Bc2 {[%clk 1:21:49]}
Bf7 {[%clk 1:19:11]} 42. Bb3 {[%clk 1:21:49]} Be8 {[%clk 1:19:11]} 43. Bd1
{[%clk 1:21:49]} Bd7 {[%clk 1:19:11]} 44. Be2 {[%clk 1:21:49]} Bf5 {[%clk
1:19:11]} 45. Bd1 {[%clk 1:21:49]} Bd7 {[%clk 1:19:11]} 46. Bc2 {[%clk
1:21:49]} Be8 {[%clk 1:19:11]} 47. Bd3 {[%clk 1:21:49]} 1/2-1/2

[Event "DVM U12 2017"]
[Site "Magdeburg GER"]
[Date "2017.12.29"]
[Round "6"]
[White "Kogan, Gabriel"]
[Black "Metzdorf, Matteo"]
[Result "0-1"]
[Termination "normal"]
[Board "3.2"]
[WhiteElo "1418"]
[BlackElo "1711"]
[WhiteClock "00:48:36"]
[BlackClock "00:15:10"]
[WhiteTeam "SG Porz"]
[BlackTeam "SG Trier"]
[PlyCount "48"]
[WhiteFideId "16238265"]
[BlackFideId "16209869"]
[EventCountry "GER"]
[EventRounds "7"]
[EventType "team-swiss"]
[EventDate "2017.12.26"]

1. d4 {[%clk 1:30:53]} d5 {[%clk 1:30:46]} 2. c4 {[%clk 1:31:19]} e6 {[%clk
1:31:09]} 3. Nc3 {[%clk 1:31:42]} Nf6 {[%clk 1:31:24]} 4. Bg5 {[%clk 1:32:02]}
Be7 {[%clk 1:31:33]} 5. Nf3 {[%clk 1:32:24]} h6 {[%clk 1:31:29]} 6. Bh4 {[%clk
1:32:48]} O-O {[%clk 1:31:35]} 7. e3 {[%clk 1:33:10]} b6 {[%clk 1:31:12]} 8.
cxd5 {[%clk 1:33:22]} exd5 {[%clk 1:31:24]} 9. Rc1 {[%clk 1:33:19]} Bb7 {[%clk
1:31:20]} 10. Bd3 {[%clk 1:33:22]} Ne4 {[%clk 1:17:29]} 11. Bxe7 {[%clk
1:32:10]} Qxe7 {[%clk 1:16:03]} 12. O-O {[%clk 1:30:57]} Nd7 {[%clk 1:08:10]}
13. Re1 {[%clk 1:22:49]} Rfd8 {[%clk 1:02:53]} 14. Nd2 {[%clk 1:21:12]} c5
{[%clk 0:49:59]} 15. Ndxe4 {[%clk 1:17:40]} dxe4 {[%clk 0:48:52]} 16. Bc4
{[%clk 1:17:29]} Nf6 {[%clk 0:43:12]} 17. Ne2 {[%clk 1:12:36]} Rac8 {[%clk
0:38:06]} 18. Qb3 {[%clk 1:07:25]} Nd5 {[%clk 0:36:31]} 19. Red1 {[%clk
1:05:16]} Nb4 {[%clk 0:29:05]} 20. Nf4 {[%clk 1:03:53]} Nc6 {[%clk 0:25:02]}
21. dxc5 {[%clk 0:53:20]} Na5 {[%clk 0:21:48]} 22. Qb4 {[%clk 0:50:41]} Rxc5
{[%clk 0:19:17]} 23. Be2 {[%clk 0:50:00]} Rxc1 {[%clk 0:14:54]} 24. Qxe7 {[%clk
0:48:36]} Rdxd1+ {[%clk 0:15:10]} 0-1

[Event "DVM U12 2017"]
[Site "Magdeburg GER"]
[Date "2017.12.29"]
[Round "6"]
[White "Marschall, Tillmann"]
[Black "Sabirov, Rafael"]
[Result "0-1"]
[Termination "normal"]
[Board "3.3"]
[WhiteElo "1645"]
[BlackElo "1470"]
[WhiteClock "01:02:01"]
[BlackClock "00:28:22"]
[WhiteTeam "SG Trier"]
[BlackTeam "SG Porz"]
[PlyCount "54"]
[WhiteFideId "12973220"]
[BlackFideId "16241185"]
[EventCountry "GER"]
[EventRounds "7"]
[EventType "team-swiss"]
[EventDate "2017.12.26"]

1. e4 {[%clk 1:30:54]} c5 {[%clk 1:30:52]} 2. Nc3 {[%clk 1:31:15]} e6 {[%clk
1:31:14]} 3. f4 {[%clk 1:31:39]} Nc6 {[%clk 1:31:12]} 4. Nf3 {[%clk 1:31:54]}
Be7 {[%clk 1:30:26]} 5. Bc4 {[%clk 1:31:56]} a6 {[%clk 1:29:14]} 6. a4 {[%clk
1:32:21]} d6 {[%clk 1:26:23]} 7. d3 {[%clk 1:32:40]} Nf6 {[%clk 1:25:58]} 8.
O-O {[%clk 1:33:03]} d5 {[%clk 1:25:38]} 9. exd5 {[%clk 1:32:24]} exd5 {[%clk
1:25:50]} 10. Ba2 {[%clk 1:32:49]} O-O {[%clk 1:25:13]} 11. Ne5 {[%clk
1:30:41]} Qd6 {[%clk 1:19:11]} 12. Re1 {[%clk 1:29:35]} Re8 {[%clk 1:19:04]}
13. Qf3 {[%clk 1:25:29]} Nd4 {[%clk 1:16:44]} 14. Qf2 {[%clk 1:23:16]} Rb8
{[%clk 1:10:57]} 15. Be3 {[%clk 1:19:21]} Nc6 {[%clk 1:10:30]} 16. Bd2 {[%clk
1:19:26]} b5 {[%clk 1:08:00]} 17. axb5 {[%clk 1:17:54]} axb5 {[%clk 1:08:16]}
18. Nxc6 {[%clk 1:12:23]} Qxc6 {[%clk 1:08:35]} 19. Bb3 {[%clk 1:09:14]} c4
{[%clk 1:01:36]} 20. dxc4 {[%clk 1:08:13]} dxc4 {[%clk 0:45:56]} 21. Ba2 {[%clk
1:08:14]} Bf5 {[%clk 0:45:06]} 22. Rac1 {[%clk 1:07:08]} Bc5 {[%clk 0:42:18]}
23. Be3 {[%clk 1:04:10]} Ng4 {[%clk 0:41:48]} 24. Qg3 {[%clk 1:03:51]} Bxe3+
{[%clk 0:40:36]} 25. Kf1 {[%clk 1:03:33]} Bxc1 {[%clk 0:37:25]} 26. Rxc1 {[%clk
1:03:32]} b4 {[%clk 0:32:42]} 27. Ne2 {[%clk 1:02:01]} Qe4 {[%clk 0:28:22]} 0-1